Caracterización y uso de hábitat del cucarachero de pantano Cistothorus apolinari en los humedales de La Conejera, La Florida, Tinbanica, laguna de Fúquene y laguna de Chisacá, Cundinamarca (Registro nro. 2801)

Detalles MARC
000 -CABECERA
Campo de control 01143nam a2200289 a 4500
005 - FECHA Y HORA DE LA ULTIMA TRANSACCION
Campo de control 20200104041536.0
008 - ELEMENTOS DE LONGITUD FIJA—INFORMACION GENERAL
Campo de control 140307b2001 ck |||||rm||| 00| 0 spa d
040 ## - FUENTE DE CATALOGACIÓN
Agencia catalogadora original CO-BoIAVH
Agencia transcriptora CO-BoIAVH
041 ## - IDIOMA
Código de idioma para texto/pista de sonido o título separado Español
044 ## - PAÍS DE PUBLICACIÓN
País de publicación Colombia
090 ## - CLASIFICACIÓN LOCAL
Colección TE
Consecutivo 0129
100 ## - ASIENTO PRINCIPAL--NOMBRE PERSONAL
Nombre personal Morales Rozo, Andrea
9 (RLIN) 17494
245 ## - MENCION DE TITULO
Título Caracterización y uso de hábitat del cucarachero de pantano Cistothorus apolinari en los humedales de La Conejera, La Florida, Tinbanica, laguna de Fúquene y laguna de Chisacá, Cundinamarca
260 ## - PUBLICACION, DISTRIBUCION, ETC. (PIE DE IMPRENTA)
Lugar de publicación, distribución, etc. Bogotá
Nombre del editor, distribuidor, etc. Pontificia Universidad Javeriana
Fecha de publicación, distribución, etc. 2001
300 ## - DESCRIPCION FISICA
Extensión 71 p.
650 14 - ASIENTO SECUNDARIO DE MATERIA - TERMINO TEMATICO
Término temático o nombre geográfico como elemento de entrada Aves
9 (RLIN) 75340
650 14 - ASIENTO SECUNDARIO DE MATERIA - TERMINO TEMATICO
Término temático o nombre geográfico como elemento de entrada Ecología animal
9 (RLIN) 75341
650 14 - ASIENTO SECUNDARIO DE MATERIA - TERMINO TEMATICO
Término temático o nombre geográfico como elemento de entrada Especies amenazadas
9 (RLIN) 157
650 14 - ASIENTO SECUNDARIO DE MATERIA - TERMINO TEMATICO
Término temático o nombre geográfico como elemento de entrada Comportamiento animal
9 (RLIN) 4688
650 14 - ASIENTO SECUNDARIO DE MATERIA - TERMINO TEMATICO
Término temático o nombre geográfico como elemento de entrada Uso del hábitat
9 (RLIN) 3825
662 ## - ASIENTO SECUNDARIO DE MATERIA - JERARQUIA DEL NOMBRE DE LUGAR(
País o entidad mayor Colombia
Jurisdicción política intermedia Humedal La Conejera
Ciudad Bogotá
Jurisdicción política de primer orden Cundinamarca
662 ## - ASIENTO SECUNDARIO DE MATERIA - JERARQUIA DEL NOMBRE DE LUGAR(
País o entidad mayor Colombia
Jurisdicción política intermedia Humedal La Florida
Ciudad Bogotá
Jurisdicción política de primer orden Cundinamarca
662 ## - ASIENTO SECUNDARIO DE MATERIA - JERARQUIA DEL NOMBRE DE LUGAR(
País o entidad mayor Colombia
Jurisdicción política intermedia Humedal Tibanica
Ciudad Bogotá
Jurisdicción política de primer orden Cundinamarca
662 ## - ASIENTO SECUNDARIO DE MATERIA - JERARQUIA DEL NOMBRE DE LUGAR(
País o entidad mayor Colombia
Jurisdicción política intermedia Laguna de Fúquene
Ciudad Fúquene y Susa
Jurisdicción política de primer orden Cundinamarca
662 ## - ASIENTO SECUNDARIO DE MATERIA - JERARQUIA DEL NOMBRE DE LUGAR(
País o entidad mayor Colombia
Jurisdicción política intermedia Laguna de Chisacá
Ciudad Bogotá
Jurisdicción política de primer orden Cundinamarca
942 ## - ELEMENTOS ADICIONALES (KOHA)
Tipo de ítem Tesis
Sistema de clasificación Local
Koha issues (borrowed), all copies 2
Existencias
Withdrawn status Lost status Sistema de Clasificación Damaged status No para préstamo Colección Ubicación Permanente Ubicación actual Fecha de adquisición Fuente de Valor Total Checkouts Número topográfico Inventario / Código de Barras Date last seen Date checked out Ejemplar Price effective from Forma de adquisición Tipo de material Public note
    Local     Tesis Bogotá Bogotá 28/06/2002 Programa Becas 3 TE-0129 003280 13/12/2018 13/12/2018 Ej. 1 04/12/2012 Donación Tesis Disponible solo para consulta en sala